Điện - điện tử đại cương

Zapisane w:
Opis bibliograficzny
Format: Książka
Język:Vietnamese
Wydane: Đại học Quốc gia TPHCM 2005
Hasła przedmiotowe:
Etykiety: Dodaj etykietę
Nie ma etykietki, Dołącz pierwszą etykiete!
Thư viện lưu trữ: Mạng thư viện Đại học Đà Nẵng
LEADER 00989nam a2200301 a 4500
001 000002663
003 03200
005 20171229145311.0
008 171229s2005 vie
040 |a LSK 
041 0 |a VIE 
082 0 |a 621.3  |b NG-T 
245 0 0 |a Điện - điện tử đại cương  |c Nguyễn Văn Tuệ, Nguyễn Đình Triết biên soạn 
260 |b Đại học Quốc gia TPHCM  |c 2005 
300 |a 258 pages  |c 24 
653 |a Điện, Điện tử 
852 |a Phòng Đọc 
901 |a 1 
927 |a Sách tham khảo 
OWN |a LSK 
AVA |a UDN50  |b LSK  |d 621.3 NG-T  |e available  |t Error 5001 Not defined in file expand_doc_bib_avail.  |f 1  |g 0  |h N  |i 0  |k 1 
999 |a From the UDN01 
AVA |a UDN50  |b LSK  |d 621.3 NG-T  |e available  |t Error 5001 Not defined in file expand_doc_bib_avail.  |f 1  |g 0  |h N  |i 0  |k 1 
TYP |a Monograph 
TYP |a Printed language 
980 |a Mạng thư viện Đại học Đà Nẵng